MARC details
| 000 -CABECERA |
| campo de control de longitud fija |
01387nam a2200253 a 4500 |
| 001 - NÚMERO DE CONTROL |
| campo de control |
000021861 |
| 005 - FECHA Y HORA DE LA ÚLTIMA TRANSACCIÓN |
| campo de control |
20200930011459.0 |
| 008 - DATOS DE LONGITUD FIJA--INFORMACIÓN GENERAL |
| campo de control de longitud fija |
100914s1960 ve 000 0 spa d |
| 040 ## - FUENTE DE LA CATALOGACIÓN |
| Centro catalogador/agencia de origen |
DO-SdBNP |
| Lengua de catalogación |
spa |
| Centro/agencia transcriptor |
BNPHU |
| 082 ## - NÚMERO DE LA CLASIFICACIÓN DECIMAL DEWEY |
| Número de clasificación |
V868.2 |
| Número de documento/Ítem |
B224o |
| 049 ## - FONDOS LOCALES (OCLC) |
| Fondos de biblioteca |
BNPD |
| 100 1# - ENTRADA PRINCIPAL--NOMBRE DE PERSONA |
| Nombre de persona |
Baralt, Rafael María, |
| Fechas asociadas al nombre |
1810-1860 |
| 9 (RLIN) |
20697 |
| 245 10 - MENCIÓN DE TÍTULO |
| Título |
Obras completas / |
| Mención de responsabilidad, etc. |
Rafael María Baralt. |
| 260 ## - PUBLICACIÓN, DISTRIBUCIÓN, ETC. |
| Lugar de publicación, distribución, etc. |
Maracaibo : |
| Nombre del editor, distribuidor, etc. |
Universidad del Zulia, |
| Fecha de publicación, distribución, etc. |
1960. |
| 300 ## - DESCRIPCIÓN FÍSICA |
| Extensión |
7 v. ; |
| Dimensiones |
24 cm. |
| 504 ## - NOTA DE BIBLIOGRAFÍA, ETC. |
| Nota de bibliografía, etc. |
Incluye referencias bibliográficas y notas al pie de páginas |
| 505 0# - NOTA DE CONTENIDO CON FORMATO |
| Información miscelánea |
v. 1 |
| Título |
Presentación / |
| Mención de responsabilidad |
Antonio Borjas Romero -- |
| Título |
Introducción / |
| Mención de responsabilidad |
Guillermo Díaz-Plaja |
| Información miscelánea |
v. 2. |
| Título |
Resumen de la historia de Venezuela desde el año de 1815 hasta el de 1830 / |
| Mención de responsabilidad |
Rafael María Baralt, Ramón Díaz -- |
| Información miscelánea |
v. 3. |
| Título |
Estudios filológicos / |
| Mención de responsabilidad |
José Ramón Ayala -- |
| Información miscelánea |
v. 4. |
| Título |
Poesía -- |
| Información miscelánea |
v. 5. |
| Título |
Estudios literarios y correspondencia -- |
| Información miscelánea |
v. 6 |
| Título |
Estudios políticos / |
| Mención de responsabilidad |
prólogo Ramón Díaz Sánchez -- |
| Información miscelánea |
v. 7. |
| Título |
Escritos políticos |
| 600 14 - PUNTO DE ACCESO ADICIONAL DE MATERIA--NOMBRE DE PERSONA |
| Nombre de persona |
BARALT, RAFAEL MARÍA, |
| Fechas asociadas al nombre |
1810-1860 |
| Subdivisión general |
COLECCIÓN DE ESCRITOS |
| 9 (RLIN) |
45388 |
| 600 14 - PUNTO DE ACCESO ADICIONAL DE MATERIA--NOMBRE DE PERSONA |
| Nombre de persona |
BARALT, RAFAEL MARÍA, |
| Fechas asociadas al nombre |
1810-1860 |
| Subdivisión general |
CORRESPONDENCIA, MEMORIAS, ETC. |
| 9 (RLIN) |
45389 |
| 650 #4 - PUNTO DE ACCESO ADICIONAL DE MATERIA--TÉRMINO DE MATERIA |
| Término de materia o nombre geográfico como elemento de entrada |
Literatura venezolana |
| Subdivisión general |
Historia y crítica |
| 9 (RLIN) |
8073 |
| 650 #4 - PUNTO DE ACCESO ADICIONAL DE MATERIA--TÉRMINO DE MATERIA |
| Término de materia o nombre geográfico como elemento de entrada |
República bolivariana de venezuela |
| Subdivisión general |
Historia |
| 9 (RLIN) |
45390 |
| 650 #4 - PUNTO DE ACCESO ADICIONAL DE MATERIA--TÉRMINO DE MATERIA |
| Término de materia o nombre geográfico como elemento de entrada |
Filosofía |
| Subdivisión general |
Colección de escritos |
| 9 (RLIN) |
45391 |
| 910 ## - DATOS DE OPCIÓN DEL USUARIO (OCLC) |
| Datos de opción del usuario |
Validado. Control de calidad BNPHU |